Gemericum- lithostratigraphy and tectonics - Hercynian vs. Alpine story

Bibliographic Details
Main Authors: Putiš, Marián, 1953- (Author), Grecula, Pavol (Author), Németh, Zoltán, 1962- (Author)
Format: Article
Language:English
ISBN:8088974283

MARC

LEADER 00000naa a2200000uu 4500
001 vtls010948503
003 SK-MaSNL
005 20260302140938.0
008 210910|2001 xo |||||||||||||||||eng|
015 |a SNBRA 
035 |a (urnnbn)urn:nbn:sk:snk:ar-a0bhpi 
035 |a (uuid)971aa6af-f4a1-46d7-8e6c-8c26bd8d0083 
035 |a urn:nbn:sk:snk-aau9sr 
040 |a SNKBUCL  |b slo  |c SNKBUCL  |e AACR2 
041 0 |a eng 
044 |a xo  |c SK 
100 1 |a Putiš, Marián,  |d 1953-  |4 aut  |9 211999 
245 1 0 |a Gemericum- lithostratigraphy and tectonics - Hercynian vs. Alpine story  |c Marián Putiš, Pavol Grecula, Zoltán Németh 
700 1 |a Grecula, Pavol  |4 aut  |9 513702 
700 1 |a Németh, Zoltán,  |d 1962-  |4 aut  |9 7811 
773 0 |t Western Carpathians and European Hercynides  |d Bratislava : Štátny geologický ústav Dionýza Štúra, 2001  |g S. 25-26  |z 8088974283 
958 |a OND 
958 |a article11 
958 |a chapter 
999 |c 1333313  |d 1335243